Hack Notes : Network Security Portable Reference (Record no. 23349)
[ view plain ]
| 000 -LEADER | |
|---|---|
| fixed length control field | 00309nam a22000977a 4500 |
| 008 - FIXED-LENGTH DATA ELEMENTS--GENERAL INFORMATION | |
| fixed length control field | 130411b xxu||||| |||| 00| 0 eng d |
| 020 ## - INTERNATIONAL STANDARD BOOK NUMBER | |
| Terms of availability | Avalable |
| International Standard Book Number | 007053285 |
| 050 ## - LIBRARY OF CONGRESS CALL NUMBER | |
| Classification number | 005.8HOR |
| Item number | 000063 |
| 245 ## - TITLE STATEMENT | |
| Title | Hack Notes : Network Security Portable Reference |
| Statement of responsibility, etc. | Horton, Mike |
| Medium | English |
| 260 ## - PUBLICATION, DISTRIBUTION, ETC. | |
| Place of publication, distribution, etc. | India |
| Name of publisher, distributor, etc. | Tata McGraw-Hill |
| Date of publication, distribution, etc. | 2003 |
| Withdrawn status | Lost status | Source of classification or shelving scheme | Damaged status | Not for loan | Permanent Location | Current Location | Shelving location | Date acquired | Full call number | Barcode | Date last seen | Price effective from | Koha item type |
|---|---|---|---|---|---|---|---|---|---|---|---|---|---|
| NUST Baluchistan Campus (NBC) | NUST Baluchistan Campus (NBC) | General Stacks | 04/10/2014 | 005.8HOR | RCMS000063 | 04/10/2014 | 04/10/2014 | Book |
